000 00775nam a2200229Ia 4500
003 OSt
005 20220923221933.0
006 a|||||r|||| 00| 0
007 ta
008 220922b |||||||| |||| 00| 0 hin d
024 _a201,248
037 _cTextual
040 _aARTS
_cARTS
_bhin
041 _2hin
_ahin
082 _aV2:2501xM96, 152L3
100 _aश्रीवास्तव, सुरेशचन्द्र
245 0 _aरफी अहमद किदवई
246 _aRafī ahamad kidavaī
260 _aदिल्ली
_b हिन्दी पाकेट बुक्स
_c1973
942 _hV2:2501xM96, 152L3
_cTEXL
_2CC
999 _c352901
_d352901